000 00850nam a22001577a 4500
999 _c59565
_d59565
005 20230315172815.0
008 230315c2018 ge ||||| |||| 00| 0 geo d
022 _a15120481
041 _ageo
245 _aსაქართველოს უზენაესი სასამართლოს გადაწყვეტილებანი ადმინისტრაციულ საქმეებზე /
_b[ყოველთვიური]. ადმინისტრაციული ხელშეკრულება. ზიანის ანაზღაურება.
260 _aთბილისი,
_c2018.
300 _aV.
653 _a ადმინისტრაციული ხელშეკრულება.
653 _aზიანის ანაზღაურება.
942 _2udc
_cCR